| 000 | 01049nam a2200265Ia 4500 | ||
|---|---|---|---|
| 001 | 18309 | ||
| 003 | GE_BSU | ||
| 008 | 181216s||||||||xx |||||||||||||| ||und|| | ||
| 020 | _a9789941902864 | ||
| 040 | _cGE_BSU | ||
| 080 | _a159.9(430)(092ფროიდი) | ||
| 100 | _aლომანი,ჰანს-მარტინ | ||
| 245 | _aზიგმუნდ ფროიდი=Sigmund Freud. | ||
| 245 | _bილუსტრირებული ბიოგრაფია 3 | ||
| 245 | _cგამომც.ლაშა ბაქრაძე. მთავარი რედ. ლ. ბაქრაძე. მთარგმნ. მ. ასათიანი | ||
| 260 | _aთბილისი | ||
| 260 | _bპეგასი | ||
| 260 | _c2008 | ||
| 300 | _a215გვ.20სმ.ილ. | ||
| 300 | _eპირთა საძიებ.გვ.210-215 | ||
| 541 | _h7ლ.50თ. | ||
| 653 | _aზიგმუნდ ფროიდი | ||
| 653 | _aილუსტრირებული ბიოგრაფია | ||
| 942 | _cBK | ||
| 999 |
_c51340 _d51340 |
||